| 000 | 00913nam a22002771 4500 | ||
|---|---|---|---|
| 001 | 26312 | ||
| 003 | BD-RjUL | ||
| 005 | 20211209051010.0 | ||
| 008 | 140322s1963 ii b 001 0beng | ||
| 035 | _a(BD-RjUL)26382 | ||
| 035 | _a(OCoLC)11796588 | ||
| 040 |
_aDLC _cOWoC _dUk _dDLC _dBD-RjUL _beng |
||
| 041 | _aeng | ||
| 082 |
_a954.9 _bKHF 1963 |
||
| 100 | 1 |
_aKhan, Yusuf Husain. _980892 |
|
| 245 | 1 | 4 |
_aThe first Nizām : _bthe life and times of Nizāmu'l-Mulk Āsaf Jāh I / _cYusuf Husain Khan. |
| 250 | _a2d rev. and enl. ed. | ||
| 260 |
_aBombay ; _aNew York : _bAsia Pub. House, _c1963. |
||
| 300 |
_aviii, 267 p. ; _c23 cm. |
||
| 500 | _aFirst published in 1936 under title: Nizāmu'l-Mulk, Āsaf Jāh I. | ||
| 504 | _aBibliography: p. [251]-253. and index. | ||
| 600 | 0 | 0 |
_aAsaf Jah, Nizamul Mulk, _d1671-1748. _980908 |
| 942 |
_2ddc _cBK |
||
| 999 |
_c26312 _d26312 |
||